Genius Level General Knowledge - Multiple Choice #3 - Statistics

General Stats
  • This quiz has been taken 54 times
  • The average score is 5 of 10
Answer Stats
Question Answer % Correct
Which of these colours could be described as yellow-green? Chartreuse
70%
What movie's opening scene depicted chimp-like creatures encountering a black monolith? 2001: A Space Odyssey
65%
Which of these books is NOT in the New Testament of the Bible? Deuteronomy
65%
What type of rock is granite? Igneous
63%
What surname is derived from the Italian word for "blacksmith"? Ferrari
61%
Other than Amsterdam, what is the only national capital that is below sea level? Baku
59%
Where would you find the city of Vasco de Gama? India
52%
Which one of these foods ISN'T from the New World? Coffee
46%
How many shillings were in a British pound prior to decimalization in 1971? 20
33%
What military plane has cost the government over $400 billion so far, making it by far the most expensive military program in history? F-35
33%
No matching quizzes found
Score Distribution
Percent of People with Each Score
Percentile by Number Answered
Your Score History
You have not taken this quiz